[Event "HUN-chT2 Barcza 1011"]
[Site "Hungary"]
[Date "2011.03.27"]
[Round "7.11"]
[White "Ordog, Aron"]
[Black "Varro, Miklos"]
[Result "0-1"]
[WhiteElo "1563"]
[BlackElo "1607"]
[PlyCount "92"]
[EventDate "2010.09.12"]
[EventType "team-tourn"]
[EventRounds "11"]
[EventCountry "HUN"]
[SourceTitle "EXT 2012"]
[Source "ChessBase"]
[SourceDate "2011.11.24"]
[SourceVersion "1"]
[SourceVersionDate "2011.11.24"]
[SourceQuality "1"]
[WhiteTeam "Mezokovesd"]
[BlackTeam "Balkany"]
[WhiteTeamCountry "HUN"]
[BlackTeamCountry "HUN"]

1. e4 c5 2. Nf3 Nc6 3. d4 cxd4 4. Nxd4 d6 5. Nc3 Bd7 6. Be3 Nf6 7. Be2 g6 8. 0-0 Bg7 9. Qd2 Ng4 10. Bxg4 Bxg4 11. f3 Bd7 12. Rad1 Ne5 13. b3 0-0 14. Nd5 a6 15. h3 b5 16. Bh6 Be6 17. Bxg7 Kxg7 18. Nxe6+ fxe6 19. Nf4 Qc8 20. Nd3 Nxd3 21. cxd3 e5 22. Rc1 Qb7 23. Qe3 Rac8 24. Qg5 Qa7+ 25. Kh2 b4 26. Rxc8 Rxc8 27. f4 Rf8 28. f5 Rf7 29. Rf3 Rf6 30. Rg3 Qf2 31. Rf3 Qxa2 32. h4 h6 33. Qg3 Qxb3 34. d4 Qc4 35. dxe5 dxe5 36. Qxe5 Qf7 37. fxg6 Kxg6 38. h5+ Kh7 39. Rg3 Qe6 40. Qb8 Qf7 41. Qxb4 Qxh5+ 42. Rh3 Qe5+ 43. Rg3 Rg6 44. Qe1 Qxg3+ 45. Qxg3 Rxg3 46. Kxg3 Kg6 0-1